[Event "Kosovo Club Cup"]
[Site "Pristina"]
[Date "2016.11.20"]
[Round "3.1"]
[White "Saiti, Eldit"]
[Black "Mahmuti, Ajet"]
[Result "0-1"]
[WhiteElo "2117"]
[BlackElo "1984"]
[PlyCount "76"]
[EventDate "2016.11.06"]
[EventType "team-tourn"]
[EventRounds "7"]
[EventCountry "KOS"]
[SourceTitle "EXT 2018"]
[Source "ChessBase"]
[SourceDate "2017.10.13"]
[SourceVersion "1"]
[SourceVersionDate "2017.10.13"]
[SourceQuality "1"]
[WhiteTeam "Zhupa"]
[BlackTeam "Dardania"]
[WhiteTeamCountry "KOS"]
[BlackTeamCountry "KOS"]

1. d4 c5 2. d5 e5 3. c4 f5 4. Nc3 d6 5. g3 Nf6 6. Bg2 g6 7. e4 Bg7 8. Nge2 0-0 9. 0-0 fxe4 10. Nxe4 Nxe4 11. Bxe4 Bh3 12. Bg2 Bxg2 13. Kxg2 Nd7 14. Nc3 Nf6 15. Bg5 Qd7 16. Bxf6 Bxf6 17. Ne4 Be7 18. a3 Rf5 19. b4 Raf8 20. bxc5 Rh5 21. h4 dxc5 22. d6 Bxh4 23. gxh4 Rxh4 24. Rh1 Rxe4 25. Qd5+ Qf7 26. Rad1 Rg4+ 27. Kf1 Rd4 28. Rxd4 exd4 29. Qg2 Qxc4+ 30. Kg1 Qc1+ 31. Kh2 Qf4+ 32. Kg1 Rf7 33. Rh5 Qxd6 34. Rd5 Qe6 35. Rd8+ Kg7 36. Qg3 Qe1+ 37. Kg2 Qe4+ 38. Kg1 Rf4 0-1